Enfoque conceptual de la investigación del comportamiento
Sparad:
| Huvudupphovsman: | |
|---|---|
| Materialtyp: | Bok |
| Språk: | spanska |
| Publicerad: |
Ciudad de México
Interamericana
1984
|
| Ämnen: | |
| Taggar: |
Lägg till en tagg
Inga taggar, Lägg till första taggen!
|
MARC
| LEADER | 00000nam a2200000 a 4500 | ||
|---|---|---|---|
| 001 | UCW4327 | ||
| 003 | CL-VaPUC | ||
| 008 | 900105e19840000MX |||||||||||||||||spa|d | ||
| 082 | 0 | 4 | |a 150.72 |b KER |2 21 |
| 100 | |a Kerlinger, Fred Nichols |e author |9 474705 | ||
| 245 | 1 | 0 | |a Enfoque conceptual de la investigación del comportamiento |
| 300 | |a 335 p | ||
| 942 | |c BK | ||
| 945 | |d 19900105 00:00:00 | ||
| 260 | |a Ciudad de México |b Interamericana |c 1984 | ||
| 650 | 7 | |a INVESTIGACION PSICOLOGICA |2 CL-VaPUC |9 309030 | |
| 650 | 0 | |a Psicometría |9 260694 | |
| 583 | |a last modification |c 19900105 00:00:00 |k Rodrigo Vera | ||
| 999 | |c 218095 |d 218093 | ||
| 952 | |0 0 |1 0 |4 0 |6 150_720000000000000_KER_1984 |7 0 |8 A |9 207029 |a BIBEDU |b BIBEDU |d 2019-11-15 |i 2748045 |l 1 |o 150.72 KER 1984 |p 2748045 |r 2023-10-11 |s 2023-10-02 |w 2019-11-15 |y BK |k EDU | ||